000 00286nam a22001337a 4500
008 170209b xxu||||| |||| 00| 0 eng d
020 _a9780865476813
041 _aeng
080 _a61
100 _a4
101 _aSHM
245 _aPAIN CHRONICLES
_cMYSTERIES,MYTHS
942 _2udc
_cBK
999 _c5033
_d5033